ბათუმის შოთა რუსთაველის სახელმწიფო უნივერსიტეტის ბიბლიოთეკა

XX საუკუნის გერმანელი მოაზროვნეები ღვთის არსებობის შესახებ (ბიბ.ჩანაწერი № 34651)

000 -LEADER
fixed length control field 00775nam a2200205Ia 4500
001 - CONTROL NUMBER
control field 425
003 - CONTROL NUMBER IDENTIFIER
control field GE_BSU
008 - FIXED-LENGTH DATA ELEMENTS--GENERAL INFORMATION
fixed length control field 181216s||||||||xx |||||||||||||| ||und||
040 ## - CATALOGING SOURCE
Transcribing agency GE_BSU
080 ## - UNIVERSAL DECIMAL CLASSIFICATION NUMBER
Universal Decimal Classification number 1(430.22)(092)
100 ## - MAIN ENTRY--PERSONAL NAME
Personal name რცხილაძე, ვიქტორ
245 ## - TITLE STATEMENT
Title XX საუკუნის გერმანელი მოაზროვნეები ღვთის არსებობის შესახებ
260 ## - PUBLICATION, DISTRIBUTION, ETC.
Place of publication, distribution, etc. თბილისი
260 ## - PUBLICATION, DISTRIBUTION, ETC.
Date of publication, distribution, etc. 2010
300 ## - PHYSICAL DESCRIPTION
Extent 169 გვ.
653 ## - INDEX TERM--UNCONTROLLED
Uncontrolled term XX საუკუნის გერმანელი მოაზროვნეები ღვთის არსებობის შესახებ
653 ## - INDEX TERM--UNCONTROLLED
Uncontrolled term რელიგია
942 ## - ADDED ENTRY ELEMENTS (KOHA)
Koha item type წიგნი
ეგზემპლარები
Withdrawn status Lost status Damaged status Not for loan Date acquired Barcode Date last seen Price effective from Koha item type Public note
        2018-12-17 891 2018-12-17 2018-12-17 წიგნი დარბაზი
        2018-12-17 892 2018-12-17 2018-12-17 წიგნი დარბაზი